| 000 | 00449pab a2200157 454500 | ||
|---|---|---|---|
| 008 | 180718b1995 xxu||||| |||| 00| 0 eng d | ||
| 100 | _aTemple, Philip | ||
| 245 |
_aChanging the rules in New Zealand _bthe electoral reform referenda of 1992 and 1993. |
||
| 260 | _c1995 | ||
| 300 | _ap.234-38 | ||
| 362 | _aApr-Jun | ||
| 650 | _aElections - New Zealand | ||
| 650 | _aElection law - New Zealand | ||
| 773 | _aPolitical Quarterly | ||
| 909 | _a28694 | ||
| 999 |
_c28694 _d28694 |
||